000
00304nam a2200109Ia 4500
008
200302s9999 xx 000 0 und d
100
_a
Gallion and Simon eisner
245
_a
The urban Pattern City Planning and design 5th ed
260
_b
C B C Publishers & Destributors
260
_c
2005
300
_a
643
999
_c
5870
_d
5870